| 000 | 00358nam a2200145Ia 4500 | ||
|---|---|---|---|
| 008 | 150201s2005 xx 000 0 und d | ||
| 082 |
_a150 _bI2005M |
||
| 100 | _aMORGAN CLIFFORD | ||
| 245 | _aINTRODUCTION TO PSYCHOLOGY | ||
| 250 | _a7TH | ||
| 260 |
_bTATA-MCGRAW HILL _aBOSTON (LONDON) _c2005 |
||
| 300 | _a1-724 | ||
| 650 | _aPSYCHOLOGY | ||
| 942 |
_2ddc _cBK |
||
| 999 |
_c3905 _d3905 |
||